Регионална библиотека "Любен Каравелов" - Русе

Корабли (Запис номер 42361)

MARC детайли
000 -Лидер
Контролно поле с фиксирана дължина 00997nam a2200301 c 4500
003 - Код на организацията, давaща контролен номер
Контролно поле BLK
005 - Дата и час на последна редакция
Контролно поле 20240314173834.0
008 - Елементи от данни с фиксирана дължина
fixed length control field 180408b bul|||||r ||||||| ||bul||
010 ## - Наследен системен номер
LC control number KNG00046024000
020 ## - Международен стандартен номер на книга ISBN
Международен стандартен номер на книга ISBN 5-85050-229-7
-- издат.: Слово
040 ## - Източник на каталожния запис
Идентификатор на билиотеката - собственик на записа BLK
041 ## - Код за език
Код за езика на текст/звукозапис или на отделно заглавие Руски
Код за езика КДБФ Руски
080 ## - УДК
Текстов определител УДК Средства на водния транспорт. Плавателни съдове. Корабостроене
УДК код - определител по УДК 629.12
УДК определител
УДК - код + определител 629.12
100 1# - Редна дума - Автор
Автор Клудас, Арнольд
Авторска отговорност първи автор
R(LIN) 79847
139 ## - Редно поле
Редна дума Клудас, Арнольд
Авторски знак Клис - К 66
245 10 - Сведения за заглавието
Заглавие Корабли
Редно поле (дума) Арнольд Клудас.
257 ## - Страна на издаване
Страна на създаване/издаване Германия
260 ## - Област на издателските данни
-- Москва
Име на издателя, разпространителя и проч. Слово
Година на издаване 1998
300 ## - Физическа характеристика
Страници 48 с
Илюстрации и др. ил.
Размери/Мащаб 28 см
380 ## - Жанр
Жанр Детска отраслова лит.
490 1# - СЕРИИ (Колекции)
Име на серия Что есть что
852 ## - Местоположение
Форматна сигнатура Цб ІІ 10407
856 4# - Електронен адрес и достъп
Електронен формат pdf - файл
Път до файла /url/
856 4# - Електронен адрес и достъп
Електронен формат pdf - файл
Път до файла /url/
942 ## - АРТИКУЛИ
Вид на библиотечния материал Книги
Скрит в OPAC Не
Koha issues (borrowed), all copies 4
944 ## - СЪЗДАВАНЕ И РЕДАКЦИЯ на ЗАПИСА
Създаване/Редакция Създаване
Дата на регистрацията/редакция 01.01.1999
Служител, извършил регистрацията/редакцията 30542
Статус, дата на статуса Русанова Ирена
944 ## - СЪЗДАВАНЕ И РЕДАКЦИЯ на ЗАПИСА
Създаване/Редакция Редакция
Дата на регистрацията/редакция 26.02.2018
Служител, извършил регистрацията/редакцията Геновева_Генчева
999 ## - СИСТЕМНИ КОНТРОЛНИ НОМЕРА
Koha biblionumber 42361
Koha biblioitemnumber 42361
Наличности
Код за отписване Код за изгубен артикул Източник на класификационната схема Код за повреда Коз за рестрикции Код за отдаване Артикулен № Име на библиотеката - собственик Име на библиотеката, в която се намира в момента Статус (Текущо местоположение) Дата на вписване в системата Местоположение - отдел Цена в лева Инвентарен номер Систематично азбучна сигнатура Баркод Номер на екземпляра Цена в евро Служебна бележка Служебен тип на артикула
  Не е изгубен Universal Decimal Classification Не е повреден без рестрикции заемане за дома 66690 Регионална библиотека "Любен Каравелов" Русе Регионална библиотека "Любен Каравелов" Русе Детски отдел 2001-01-01 Детски отдел 0.00 651081 ДН 629/К 66 120000651081 1 0.00 Дата: 01.01.1998 Книги
Vip Innovations Ltd, Rousse, Bulgaria 2025